| 000 | 01215nas a2200397 4500 | ||
|---|---|---|---|
| 001 | BR0302477 | ||
| 003 | BR-BrBNA | ||
| 005 | 20231205103807.0 | ||
| 007 | ta | ||
| 008 | 230509b bl.|||p| |||| 00| 00por d | ||
| 040 |
_aBR-BrBNA _bpor _cBiblioteca Nacional de Agricultura |
||
| 041 | _a(Pt) | ||
| 072 | _aP33; P35; F61 | ||
| 100 | 1 | _aAraújo, C.A.S. | |
| 100 | 1 | _aRuiz, H.A. | |
| 100 | 1 | _aSilva, D.J. | |
| 100 | 1 | _aFerreira, P.A. | |
| 100 | 1 | _aAlvarez, V.H.V. | |
| 100 | 1 | _aBahia Filho, A.F.C. | |
| 245 | 1 | _aEluição de magnésio, cálcio e potássio de acordo com o tempo de difusão em colunas com agregados de um latossolo vermelho distrófico típico | |
| 650 | _aMILHO | ||
| 650 | _aLATOSSOLO VERMELHO | ||
| 650 | _aLATOSSOLO DISTRÓFICO | ||
| 650 | _aLIXIVIAÇÃO | ||
| 650 | _aTRANSPORTE DE NUTRIENTE | ||
| 650 | _aÁGUA | ||
| 650 | _aDESTILAÇÃO | ||
| 650 | _aANÁLISE QUANTITATIVA | ||
| 650 | _aMAGNÉSIO | ||
| 650 | _aCÁLCIO | ||
| 650 | _aPOTÁSSIO | ||
| 650 | _aRAIZ | ||
| 773 | 0 |
_tRevista Brasileira de Ciência do Solo (Brazil) _xISSN 0100-0683 _g(Mar-Apr 2003), v. 27(2) p. 231-238 _wBR0302477 |
|
| 909 |
_a202311 _bLúcia _c55 _dLúcia Elande |
||
| 942 |
_2AGRIS _n0 _cANA |
||
| 999 |
_c174762 _d174762 |
||